LEADER 01631nlm0 22004811i 450 001 990009263210403321 005 20120306091812.0 010 $a9783642052057 035 $a000926321 035 $aFED01000926321 035 $a(Aleph)000926321FED01 035 $a000926321 100 $a20101015d2009----km-y0itay50------ba 101 0 $aeng 102 $aDE 135 $adrnn-008mamaa 200 1 $aVector fields on Singular Varieties$bRisorsa elettronica$fby Jean-Paul Brasselet, José Seade, Tatsuo Suwa 210 $aBerlin ; Heidelberg$cSpringer$d2009 225 1 $aLecture Notes in Mathematics$x0075-8434$v1987 230 $aDocumento elettronico 336 $aTesto 337 $aFormato html, pdf 452 0$1001000914695 700 1$aBrasselet,$bJean-Paul$060570 701 1$aSeade,$bJosé$0368369 701 1$aSuwa,$bTatsuo$0506827 801 0$aIT$bUNINA$gREICAT$2UNIMARC 856 4 $zFull text per gli utenti Federico II$uhttp://dx.doi.org/10.1007/978-3-642-05205-7 901 $aEB 912 $a990009263210403321 961 $aAlgebraic Geometry 961 $aCell aggregation$aMathematics 961 $aDifferentiable dynamical systems 961 $aDifferential equations, partial 961 $aDynamical Systems and Ergodic Theory 961 $aGeometry, algebraic 961 $aGlobal analysis 961 $aGlobal Analysis and Analysis on Manifolds 961 $aManifolds and Cell Complexes (incl. Diff.Topology) 961 $aMathematics 961 $aSeveral Complex Variables and Analytic Spaces 996 $aVector fields on Singular Varieties$9773771 997 $aUNINA LEADER 01243nam a22003615i 4500 001 991002248899707536 007 cr nn 008mamaa 008 121227s1994 de | s |||| 0|eng d 020 $a9783540486527 035 $ab14144396-39ule_inst 040 $aBibl. Dip.le Aggr. Matematica e Fisica - Sez. Matematica$beng 082 04$a515$223 084 $aAMS 43-02 084 $aAMS 42-02 084 $aAMS 42B10 084 $aAMS 42B20 084 $aAMS 43A15 084 $aAMS 47F05 100 1 $aNillsen, Rodney$060688 245 10$aDifference spaces and invariant linear forms$h[e-book] /$cby Rodney Nillsen 260 $aBerlin :$bSpringer,$c1994 300 $a1 online resource (xii, 192 p.) 440 0$aLecture Notes in Mathematics,$x0075-8434 ;$v1586 650 0$aMathematics 650 0$aTopological Groups 650 0$aGlobal analysis (Mathematics) 773 0 $aSpringer eBooks 856 40$uhttp://dx.doi.org/10.1007/BFb0073511$zAn electronic book accessible through the World Wide Web 907 $a.b14144396$b03-03-22$c05-09-13 912 $a991002248899707536 996 $aDifference spaces and invariant linear forms$978704 997 $aUNISALENTO 998 $ale013$b05-09-13$cm$d@ $e-$feng$gde $h0$i0